Principles of external auditing

Αποθηκεύτηκε σε:
Λεπτομέρειες βιβλιογραφικής εγγραφής
Κύριος συγγραφέας: Porter, Brenda
Άλλοι συγγραφείς: Simon, Jon, Hatherly, David J.
Μορφή: Βιβλίο
Γλώσσα:English
Δημοσίευση: Chichester ; West Sussex, England : John Wiley & Sons, c2003
Έκδοση:2nd ed.
Θέματα:
Ετικέτες: Προσθήκη ετικέτας
Δεν υπάρχουν, Καταχωρήστε ετικέτα πρώτοι!

MARC

LEADER 00000nam a2200000 i 4500
001 1/57318
008 071009s2003 eng d
020 |a 0-470-84297-0 
035 |l 10091297 
040 |a GR-MY-UA  |b gre  |e aacr 
041 0 |a eng 
082 0 |a 657.45  |2 (22) 
100 1 |a Porter, Brenda. 
245 1 0 |a Principles of external auditing /  |c Brenda Porter, Jon Simon, David Hatherly 
250 |a 2nd ed. 
260 |a Chichester ; West Sussex, England :   |b John Wiley & Sons,   |c c2003 
300 |a xiv, 608 σ.;  |c 24 εκ. 
504 |a Περιλαμβάνει βιβλιογραφικές παραπομπές και ευρετήριο 
650 0 0 |a Auditing. 
650 0 0 |a Auditors' reports. 
650 0 0 |a Auditing  |x Law and legislation. 
650 0 0 |a Auditing  |x Data processing. 
700 1 |a Simon, Jon. 
700 1 |a Hatherly, David J. 
852 |a INST  |b CHIOS  |e 20071009  |h 657.45 POR  |p 005200028768  |q 005200028768  |t BK  |y 0 
901 |a BIBL2-2007-3 
909 |a Χ  |b 139438 
922 |a 2ΕΛΗ  |b 200709  |c ΕΠΕΑΕΚ2/ΤΔΕ  |d ΠΑΠΑΣΩΤΗΡΙΟΥ 
970 |a ΒΑΣΙΛΑΚΗ  |b ΝΙΚΗ  |z 2007/10/09